Squadre - Europei 2016 - Statistics

Statistiche generali
  • Questo quiz è stato fatto 35 volte
  • Il punteggio medio è 21 su 24
Statistiche sulle risposte
Squadra % Corretto
Francia
100%
Italia
100%
Portogallo
100%
Spagna
100%
Irlanda
94%
Russia
94%
Svezia
94%
Belgio
91%
Galles
91%
Germania
91%
Inghilterra
91%
Islanda
91%
Slovacchia
91%
Svizzera
91%
Austria
88%
Repubblica Ceca
88%
Ucraina
88%
Croazia
85%
Polonia
85%
Romania
85%
Ungheria
85%
Albania
82%
Turchia
79%
Irlanda del Nord
64%
Nessun quiz corrispondente trovato
Distribuzione punteggi
Percentuale di utenti per punteggio
Percentile per numero di risposta
I tuoi punteggi nel tempo
Non hai fatto questo quiz